How did the first stars and galaxies form? /

Bibliographic Details
Main Author: Loeb, Abraham
Format: Book
Language:English
Published: Princeton, N.J. ; Woodstock : Princeton University Press, 2010.
Series:Princeton frontiers in physics.
Subjects:

MARC

Tag First Indicator Second Indicator Subfields
LEADER 00000cam a2200000 a 4500
001 in00002601921
005 20151201154846.0
008 100706s2010 njua b 001 0 eng
015 |a GBB084832  |2 bnb 
016 7 |a 015601530  |2 Uk 
020 |a 9780691145150 (hbk.) 
020 |a 0691145156 (hbk.) 
020 |a 0691145164 (pbk.) 
020 |a 9780691145167 (pbk.) 
035 |a (OCoLC)ocn587249043 
035 |a (OCoLC)587249043 
040 |a UKM  |c UKM  |d BTCTA  |d YDXCP  |d PUL  |d TJC  |d UtOrBLW 
042 |a pcc 
049 |a TXAM 
050 4 |a QB806  |b .L632 2010 
082 0 4 |a 523.1  |2 22 
100 1 |a Loeb, Abraham. 
245 1 0 |a How did the first stars and galaxies form? /  |c Abraham Loeb. 
264 1 |a Princeton, N.J. ;  |a Woodstock :  |b Princeton University Press,  |c 2010. 
300 |a xiii, 193 pages :  |b illustrations ;  |c 21 cm. 
336 |a text  |b txt  |2 rdacontent 
337 |a unmediated  |b n  |2 rdamedia 
338 |a volume  |b nc  |2 rdacarrier 
490 1 |a Princeton frontiers in physics 
504 |a Includes bibliographical references (pages [173]-182) and index. 
650 0 |a Stars  |x Formation. 
650 0 |a Galaxies  |x Formation. 
650 0 |a Cosmology. 
830 0 |a Princeton frontiers in physics. 
938 |a Baker and Taylor  |b BTCP  |n BK0008879510 
938 |a YBP Library Services  |b YANK  |n 3312233 
947 |a A14839713873 
945 |a PromptCat  |b 64513 
946 |a stk 
994 |a 92  |b TXA 
948 |a Cataloged  |b h  |c 2010/9/3  |d c  |e ibarton 
999 |a MARS 
999 f f |s cc0941c7-edd2-3ce1-b558-cc0d6ba41677  |i 529fe271-1359-3af0-9ccb-4d139a3d0fc2  |t 0 
952 f f |p normal  |a Texas A&M University  |b College Station  |c Sterling C. Evans Library  |d Evans: Library Stacks  |t 0  |e QB806 .L632 2010  |h Library of Congress classification  |i unmediated -- volume  |m A14839713873 
998 f f |a QB806 .L632 2010  |t 0  |l Evans: Library Stacks